000 01533nam a2200493 i 4500
001 16326
003 KOSZ 005
005 20191024134711.0
008 040319s1975 pl a f |000 0 pol
015 _aPB 1975/7446
035 _a991022882489705066
035 _a(PL-WaBN)b16173739-48omnis_nlop
035 _ab16173739
035 _a(OCoLC)68658616
035 _a(PL)b0000001617373
035 _a(EXLNZ-48OMNIS_NETWORK)9910055842305606
040 _aWA N
_cWA N
_dKOSZ 005/EG
041 0 _apol
046 _k1972
080 _a159.9
080 _a 316.6
080 _a(075.8)
100 1 _aMika, Stanisław
_d(1931-2017)
_eAutor
245 1 0 _aWstęp do psychologii społecznej /
_cStanisław Mika.
250 _aWyd. 2.
260 _aWarszawa :
_bPańst. Wydaw. Naukowe,
_c1975.
300 _a318, [5] s. :
_bil., tab. ;
_c24 cm.
336 _2rdacontent
_aTekst
_btxt
337 _2rdamedia
_aBez urządzenia pośredniczącego
_bn
338 _2rdacarrier
_aWolumin
_bnc
380 _aKsiążki
380 _aPublikacje dydaktyczne
385 _mPoziom nauczania
_aSzkoły wyższe
388 _a1901-2000
388 _a1945-1989
504 _aBibliogr.
650 7 _aPsychologia społeczna
_2DBN
655 7 _aPodręczniki akademickie
658 _aPsychologia
710 2 _aPaństwowe Wydawnictwo Naukowe
856 _uhttp://koha.tu.koszalin.pl/cgi-bin/koha/opac-detail.pl?biblionumber=16326
_yKatalog online BPK
942 _2UKD
_cKS
999 _c16326
_d16326